| Tag |
First Indicator |
Second Indicator |
Subfields |
| LEADER |
00000pam a22000004a 4500 |
| 001 |
in00001663114 |
| 005 |
20151023125430.0 |
| 008 |
010730s2002 maua b 001 0 eng |
| 010 |
|
|
|a 2001046436
|
| 020 |
|
|
|a 020170434X
|
| 035 |
|
|
|a (OCoLC)ocm47718017
|
| 040 |
|
|
|a DLC
|c DLC
|d TXA
|d UtOrBLW
|
| 042 |
|
|
|a pcc
|
| 049 |
|
|
|a TXAM
|
| 050 |
0 |
0 |
|a QA76.73.C153
|b S89 2002
|
| 082 |
0 |
0 |
|a 005.13/3
|2 21
|
| 100 |
1 |
|
|a Sutter, Herb.
|
| 245 |
1 |
0 |
|a More exceptional C++ :
|b 40 new engineering puzzles, programming problems, and solutions /
|c Herb Sutter.
|
| 264 |
|
1 |
|a Boston :
|b Addison-Wesley,
|c [2002]
|
| 264 |
|
4 |
|c ©2002
|
| 300 |
|
|
|a xii, 279 pages :
|b illustrations ;
|c 24 cm.
|
| 336 |
|
|
|a text
|b txt
|2 rdacontent
|
| 337 |
|
|
|a unmediated
|b n
|2 rdamedia
|
| 338 |
|
|
|a volume
|b nc
|2 rdacarrier
|
| 490 |
1 |
|
|a The C++ in-depth series
|
| 504 |
|
|
|a Includes bibliographical references (pages 271-272) and index.
|
| 650 |
|
0 |
|a C++ (Computer program language)
|
| 830 |
|
0 |
|a C++ in-depth series.
|
| 948 |
|
|
|a cataloged
|b h
|c 2002/2/20
|d c
|e mphillip
|f 12:20:47 pm
|
| 994 |
|
|
|a E0
|b TXA
|
| 999 |
|
|
|a MARS
|
| 999 |
f |
f |
|s b7c3e632-4011-3efe-9e0b-031e372b9e36
|i eb64b9f0-ba93-3403-9aac-081223d1ac2c
|t 0
|
| 952 |
f |
f |
|p normal
|a Texas A&M University
|b College Station
|c Sterling C. Evans Library
|d Evans: Library Stacks
|t 0
|e QA76.73.C153 S89 2002
|h Library of Congress classification
|i unmediated -- volume
|m A14828444982
|
| 998 |
f |
f |
|a QA76.73.C153 S89 2002
|t 0
|l Evans: Library Stacks
|